Andrés Nagel (Record no. 8201)
[ view plain ]
| 000 - LÍDER | |
|---|---|
| campo de control de longitud fija | 00901nam a2200217Ia 4500 |
| 008 - ELEMENTOS DE DATOS DE LONGITUD FIJA - INFORMACIÓN GENERAL | |
| campo de control de longitud fija | 0000001991 mX a 0000000000spa00 |
| 090 ## - NÚMERO DE LLAMADA DE TIPO LC LOCALMENTE ASIGNADO (OCLC) | |
| Número de clasificación (OCLC) (R) | PSP00 N13a |
| 100 1# - ENTRADA PRINCIPAL - NOMBRE PERSONAL | |
| Nombre de la persona | Nagel, Andrés de |
| Fechas asociadas a un nombre | 1947 |
| 245 10 - TÍTULO DECLARACIÓN | |
| Título | Andrés Nagel |
| Resto del título | : un enfoque irreverente |
| Declaración de responsabilidad | / fotografías Jesús Uriarte |
| 260 ## - PUBLICACIÓN, DISTRIBUCIÓN | |
| Lugar de publicación | México : Consejo Nacional para la Cultura y las Artes |
| Fecha de publicación | 1991 |
| 300 ## - DESCRIPCIÓN FÍSICA | |
| Alcance | 53 p. |
| Dimensiones | / 24 cm. |
| 500 ## - NOTA GENERAL | |
| Nota general | Exposición realizada en el Museo Rufino Tamayo, México, Marzo Julio, 1991 |
| 501 ## - Con nota | |
| Con nota | Andrés Nagel: el juego y la rudeza / Jorge Alberto Manrique Andrés Nagel / Donald Kuspit Mi conversación con Andrés / Donald Knaub |
| 600 00 - ENTRADA DE SUJETO AÑADIDO - NOMBRE PERSONAL | |
| Nombre de la persona | NAGEL, ANDRES DE, 1947 / |
| Subdivisión general | TRABAJOS PICTORICOS |
| 650 14 - ENTRADA DE SUJETO AÑADIDO - TÉRMINO TÓPICO | |
| Término tópico o elemento de entrada del nombre geográfico | ARTE CONTEMPORANEO ESPAÑOL |
| 650 14 - ENTRADA DE SUJETO AÑADIDO - TÉRMINO TÓPICO | |
| Subdivisión general | CATALOGOS |
| 650 14 - ENTRADA DE SUJETO AÑADIDO - TÉRMINO TÓPICO | |
| Subdivisión general | EXPOSICIONES |
| 650 14 - ENTRADA DE SUJETO AÑADIDO - TÉRMINO TÓPICO | |
| Término tópico o elemento de entrada del nombre geográfico | PINTORES ESPAÑOLES |
| 650 14 - ENTRADA DE SUJETO AÑADIDO - TÉRMINO TÓPICO | |
| Término tópico o elemento de entrada del nombre geográfico | PINTURA ESPAÑOLA |
| 700 1# - ENTRADA AGREGADA - NOMBRE PERSONAL | |
| Nombre de la persona | Uriarte, Jesús |
| Estado de retirada | Pérdida de estatus | Estado dañado | No para préstamo | Código de recogida | Ubicación permanente | Ubicación actual | Ubicación de las estanterías | Fecha de adquisición | Número de llamada completo | Código de barras | Fecha de la última vez que se vio | Número de copia | Precio efectivo desde | Tipo de artículo Koha |
|---|---|---|---|---|---|---|---|---|---|---|---|---|---|---|
| General | ArtNexus | ArtNexus | General | 06/09/2022 | P-SP-0013A | 8204 | 06/09/2022 | Ej.1 | 06/09/2022 | Libro |